| Tag |
First Indicator |
Second Indicator |
Subfields |
| LEADER |
00000cam a2200000 a 4500 |
| 001 |
in00002781963 |
| 006 |
m d |
| 007 |
cr cn||||||||| |
| 008 |
120706s2012 inu ob 001 0 eng d |
| 005 |
20250816222805.7 |
| 010 |
|
|
|z 2012025529
|
| 020 |
|
|
|z 9780253001917 (cl alk. paper)
|
| 020 |
|
|
|z 9780253006981 (e-book)
|
| 035 |
|
|
|a (CaPaEBR)ebr10583849
|
| 035 |
|
|
|a (OCoLC)808341395
|
| 040 |
|
|
|a CaPaEBR
|c CaPaEBR
|d UtOrBLW
|
| 043 |
|
|
|a n-us---
|
| 050 |
1 |
4 |
|a JK1161
|b .A8 2012eb
|
| 082 |
0 |
4 |
|a 328.73/02
|2 23
|
| 100 |
1 |
|
|a Arenberg, Richard A.,
|d 1945-
|
| 245 |
1 |
0 |
|a Defending the filibuster :
|b the soul of the senate /
|c Richard A. Arenberg and Robert B. Dove ; foreword by Mark Udall and Ted Kaufman.
|
| 264 |
|
1 |
|a Bloomington :
|b Indiana University Press,
|c [2012]
|
| 264 |
|
4 |
|c ©2012
|
| 300 |
|
|
|a 1 online resource (xviii, 261 pages)
|
| 336 |
|
|
|a text
|b txt
|2 rdacontent
|
| 337 |
|
|
|a computer
|b c
|2 rdamedia
|
| 338 |
|
|
|a online resource
|b cr
|2 rdacarrier
|
| 504 |
|
|
|a Includes bibliographical references and index.
|
| 500 |
|
|
|a Electronic resource.
|
| 610 |
1 |
0 |
|a United States.
|b Congress.
|b Senate
|x Freedom of debate.
|
| 650 |
|
0 |
|a Filibusters (Political science)
|z United States.
|
| 655 |
|
7 |
|a Electronic books.
|2 local
|
| 700 |
1 |
|
|a Dove, Robert B.
|
| 700 |
1 |
|
|a Udall, Mark.
|
| 700 |
1 |
|
|a Kaufman, Ted.
|
| 710 |
2 |
|
|a ebrary, Inc.
|
| 856 |
4 |
0 |
|u https://ebookcentral.proquest.com/lib/tamucs/detail.action?docID=3014858
|y Connect to the full text of this electronic book
|t 0
|
| 980 |
|
|
|a 120918
|b 29.99
|c USD
|e 29.99
|f YBP_EBR0000042581
|g 1
|
| 999 |
f |
f |
|s 46fff9b0-d028-3744-a3bc-720a4e299923
|i 341276da-392d-3b3f-965b-a72340103355
|t 0
|
| 999 |
|
|
|a MARS
|
| 952 |
f |
f |
|a Texas A&M University
|b College Station
|c Electronic Resources
|d Available Online
|t 0
|e JK1161 .A8 2012eb
|h Library of Congress classification
|
| 998 |
f |
f |
|a JK1161 .A8 2012eb
|t 0
|l Available Online
|